Polscy fifiacze po definicji - Statystyki

Ogólne statystyki
  • Ten quiz został rozwiązany 7 203 razy
    4 725 od ostatniego zresetowania
  • Średni wynik to 8 z 10
Statystyki odpowiedzi
Definicja Odpowiedzi % Poprawnych
Nigdy nie wbił elity PLKD
95%
Obecnie największy kanała zajmuący się fifią Lachu
94%
Rageman Kamyk
86%
De Gea w śród fifiaczy Jcob
84%
Najniższy polski fifiacz Koza
84%
Fan pączków Junajted
82%
Człowiek urbex Dev
78%
Król woleji N3jxiom
73%
Bliźniak tego powyżej Dommanu
59%
Pro gracz wśród youtuberów Bejot
45%
Nie znaleziono quizów pasujących do podanych kryteriów
Rozkład punktacji
Procent ludzi z każdym wynikiem
Percentyl według liczby udzielonych odpowiedzi
Twoja historia wyników
Nie rozwiązałeś tego quizu od ostatniego zresetowania